Lineamientos para la producción preservación de objetos de audio digitales /
Contenido: 1. Antecedentes; 2. Estándares y principios digitales importantes; 3. Metadatos; 4. Identificadores únicos y permanentes; 5. Extracción de señal desde los originales; 6. Formatos de preservación final.
Gorde:
| Erakunde egilea: | |
|---|---|
| Beste egile batzuk: | |
| Formatua: | Liburua |
| Hizkuntza: | gaztelania |
| Gaiak: | |
| Etiketak: |
Etiketarik gabe, Izan zaitez lehena erregistro honi etiketa jartzen!
|
MARC
| LEADER | 00000nam^a2200000^a^4500 | ||
|---|---|---|---|
| 001 | 000329703 | ||
| 005 | 20250521000000.0 | ||
| 009 | 20260310113942.787 | ||
| 037 | |a Acervo ITESO - Biblioteca | ||
| 041 | |a ESP | ||
| 082 | |a 602. 18 |b IASA-TC04 2006 | ||
| 110 | |a Asociación Técnica de Archivos Sonoros y Audiovisuales. |b Comité Técnico | ||
| 245 | 1 | 0 | |a Lineamientos para la producción preservación de objetos de audio digitales / |c Ed. de K. Bradley ; tr. por Antonio Limas. |
| 264 | |a México : |b Radio Educación, |c 2006 | ||
| 300 | |a 88 p. | ||
| 336 | |a texto |b txt |2 rdacontenido | ||
| 337 | |a sin mediación |b n |2 rdamedio | ||
| 338 | |a volumen |b nc |2 rdasoporte | ||
| 520 | |a Contenido: 1. Antecedentes; 2. Estándares y principios digitales importantes; 3. Metadatos; 4. Identificadores únicos y permanentes; 5. Extracción de señal desde los originales; 6. Formatos de preservación final. | ||
| 649 | |a XX | ||
| 650 | |a Metadatos | ||
| 650 | |a Datos - |x Administración | ||
| 650 | |a Grabación y Reproducción del Sonido | ||
| 650 | |a Digitalización (Imagen) - |x Tema Principal | ||
| 650 | |a Almacenamiento de Información (Cómputo) - |x Tema Principal | ||
| 650 | |a Tecnologías de Comunicación e Información | ||
| 650 | |a Medios Audiovisuales | ||
| 650 | |a Fonotecas - |x Colecciones - |x Tema Principal | ||
| 650 | |a Mediatecas - |x Colecciones | ||
| 650 | |a Centros de Información | ||
| 650 | |a Bibliotecas - |x Colecciones Especiales | ||
| 650 | |a Desarrollo de Colecciones (Bibliotecas) | ||
| 650 | |a Restauración y Conservación de Arte | ||
| 650 | |a Patrimonio Artístico | ||
| 650 | |a Valoración Patrimonial e Histórica | ||
| 650 | |a Biblioteconomía | ||
| 650 | |a Bibliología | ||
| 700 | |a Bradley, Kevin |e (edición) | ||
| 910 | |a Fondo General | ||
| 920 | |a Impresos - Libros | ||
| 930 | |a Obras de Referencia | ||
| 940 | |a Biblioteconomía | ||
| 905 | |a 102 | ||
| 901 | |a 0500219230 |b IT2 |c REF |i C135639 |u 20250521 | ||
| 902 | |a https://opac.biblio.iteso.mx/vufind/Record/000329703 | ||